000
00334nam a2200145Ia 4500
999
_c
14085
_d
14085
003
OSt
005
20260327151918.0
008
260210s9999 xx 000 0 und d
020
_a
9787500670711
082
_a
741.6
100
_a
China Youth Press
245
0
_a
Branding Design 2
260
_b
China Youth Press
942
_c
BDES
_2
ddc